Účinek herbicidu GRASP na jednoděložné plevele v obilninách

Bibliographic Details
Main Author: Mikulka, Jan, 1953- (Author)
Format: Article
Language:Czech
PhysicalDescription:Tb. 7., lit. 6 zázn. v češ., angl.
Subjects:

MARC

LEADER 00000nab a2200000 a 4500
001 vtls000296809
003 SK-MaSNL
005 20260304233948.0
008 160204c1987 xo 0 cze
015 |a SNBRB19rr/mm-uuuuu 
035 |a CL0306928 
040 |a SNKBUCL  |b slo  |c SNKBUCL  |e AACR2 
041 0 |a cze 
044 |a xo  |c SK 
080 |a 632.954:633.1  |2 1981 
080 |a 633.1  |2 1981 
080 |a 632.954  |2 1981 
100 1 |a Mikulka, Jan,  |d 1953-  |4 aut  |9 198841 
245 1 0 |a Účinek herbicidu GRASP na jednoděložné plevele v obilninách  |c Jan Mikulka 
300 |b Tb. 7., lit. 6 zázn. v češ., angl. 
650 0 7 |a obilniny  |2 SNKPH  |9 19007 
650 0 7 |a buriny  |2 SNKPH  |9 15855 
650 0 7 |a herbicídy  |2 SNKPH  |9 14852 
655 7 |a články z novín a časopisov  |2 SNK  |9 267496 
773 0 |t Agrochémia  |g Roč. 27, č. 11 (1987), s. 331-333 
850 |a Slovenská národná knižnica v Martine  |a MTA001 
852 |a SNK  |b KIS3GCP 
958 |a NB 
958 |a RK 
958 |a CZ 
992 |a RBX 
999 |c 3201224  |d 3203154